Cities at Night - Satellite view #2 - Statistics

General Stats
  • This quiz has been taken 15 times
  • The average score is 6 of 16
Answer Stats
Picture Answer % Correct
Detroit
67%
Los Angeles
67%
Seattle
67%
Venice
67%
Boston
50%
Philadelphia
50%
Amsterdam
42%
Tampa/St. Petersburg
42%
Vancouver
42%
Berlin
33%
Hong Kong
33%
Baltimore
25%
Montreal
17%
Buenos Aires
8%
Copenhagen
0%
Mumbai
0%
No matching quizzes found
Score Distribution
Percent of People with Each Score
Percentile by Number Answered
Your Score History
You have not taken this quiz